000 02135nam a2200301 a 4500
001 000007960
005 20240520201957.0
008 090914s1988 dr 000 0 spa d
040 _aDO-SdBNP
_bspa
_cBNPHU
082 _a333.75097293
_bM841s, 1988
100 1 _aMorell, Merilio G.
_921773
245 1 0 _aSituación forestal en República Dominicana :
_bdocumentos base de discusión para la toma de decisiones /
_cMerelio G. Morell.
250 _a2a. ed.
260 _aSanto Domingo :
_bTaller,
_c1988.
300 _a77 p. :
_bil. ;
_c22 cm.
490 1 _aPROGRESSIO
_v1
500 _aIncluye referencias bibliográficas y notas al pie de las páginas
504 _aBibliografía : p. 75-77
505 0 _aTABLA DE CUADROS --
_tTABLA DE GRÁFICOS --
_tSIGLAS UTILIZADAS --
_tINTRODUCCIÓN --
_tPARTICIPACIÓN ECONÓMICA DEL SECTOR FORESTAL --
_tTierras forestales --
_tEnergía --
_tProducción de alimentos --
_tMercado de madera --
_tCuencas hidrográficas y producción de agua --
_tAgua para consumo humano e industrial
_tMateriales de construcción --
_tControl de erosión --
_tConclusión --
_tANÁLISIS DE LA POLÍTICA FORESTAL --
_tPercepción actual del problema forestal --
_tMetas alcanzadas --
_tSituación administrativa --
_tObjetivos generales del sector forestal --
_tMecanismos de implementación --
_tProgramas existentes --
_tTópicos más relevantes relacionados con el recurso bosque --
_tPolítica forestal actual --
_tLINEAMIENTOS PARA UNA POLÍTICA FORESTAL --
_tElementos esenciales de una Política forestal --
_tPlan de acción --
_tRESUMEN --
_tParticipación económica del sector forestal --
_tAnálisis de la política forestal --
_tLineamientos de política forestal --
_tBIBLIOGRAFÍA --
_tTABLA DE CUADROS --
_tTABLA DE GRÁFICOS.
590 _aInventariado, 2018/LP
650 0 _aAforestación
_97850
650 0 _aReforestación
_98510
650 4 _aBosques
_zRepública Dominicana
_921589
650 4 _aPolítica forestal
_zRepública Dominicana
_921775
710 2 _aFundación para el Mejoramiento Humano ( República Dominicana)
_921776
830 0 _aPROGRESSIO ;
_n1
_921777
910 _aValidado. Control de calidad MFF
999 _c7738
_d7738